Digital telephony / (Record no. 183675)

000 -LEADER
fixed length control field 01239 a2200241 4500
003 - CONTROL NUMBER IDENTIFIER
control field Nust
005 - DATE AND TIME OF LATEST TRANSACTION
control field 20221223100311.0
010 ## - LIBRARY OF CONGRESS CONTROL NUMBER
LC control number 99034015
020 ## - INTERNATIONAL STANDARD BOOK NUMBER
International Standard Book Number 9814126357
040 ## - CATALOGING SOURCE
Transcribing agency Nust
082 00 - DEWEY DECIMAL CLASSIFICATION NUMBER
Classification number 621.385,BEL
100 1# - MAIN ENTRY--PERSONAL NAME
Personal name Bellamy, John,
9 (RLIN) 727
245 10 - TITLE STATEMENT
Title Digital telephony /
Statement of responsibility, etc. John C. Bellamy.
250 ## - EDITION STATEMENT
Edition statement 3rd edition
260 ## - PUBLICATION, DISTRIBUTION, ETC.
Place of publication, distribution, etc. New York :
Name of publisher, distributor, etc. Wiley,
Date of publication, distribution, etc. c2000.
300 ## - PHYSICAL DESCRIPTION
Extent xxv, 643 p. :
Other physical details ill. ;
Dimensions 24 cm.
440 #0 - SERIES STATEMENT/ADDED ENTRY--TITLE
Title Wiley series in telecommunications and signal processing
9 (RLIN) 728
505 ## - FORMATTED CONTENTS NOTE
Formatted contents note Background and Terminology (Page-1), Why Digital (Page-73), Voice Digitization (Page-91), Digital Transmission and Multiplexing (Page-161), Digital Switching (Page-225), Digital Modulation and Radio Sys (Page-277), Network Synchronization Control and Management (Page-335), Fiber Optic Transmission Sys (Page-383), Digital Mobile Telephony (Page-437), Data Asynchronous Transfer Mode Networks (Page-455), Digital Subscriber Access (Page-495), Traffic Analysis (Page-519).
650 #0 - SUBJECT ADDED ENTRY--TOPICAL TERM
Topical term or geographic name entry element Digital telephone systems.
9 (RLIN) 729
856 42 - ELECTRONIC LOCATION AND ACCESS
Materials specified Publisher description
Uniform Resource Identifier <a href="http://www.loc.gov/catdir/description/wiley0310/99034015.html">http://www.loc.gov/catdir/description/wiley0310/99034015.html</a>
856 42 - ELECTRONIC LOCATION AND ACCESS
Materials specified Table of Contents
Uniform Resource Identifier <a href="http://www.loc.gov/catdir/toc/onix01/99034015.html">http://www.loc.gov/catdir/toc/onix01/99034015.html</a>
942 ## - ADDED ENTRY ELEMENTS (KOHA)
Source of classification or shelving scheme
Koha item type Book
Holdings
Withdrawn status Lost status Source of classification or shelving scheme Damaged status Not for loan Permanent Location Current Location Shelving location Date acquired Full call number Barcode Date last seen Price effective from Koha item type Public note
          Military College of Signals (MCS) Military College of Signals (MCS) General Stacks 12/12/2016 621.385,BEL MCS30854 12/08/2016 12/12/2016 Book Almirah No.39, Shelf No.3
© 2023 Central Library, National University of Sciences and Technology. All Rights Reserved.